Micosis cutáneas y viscerales /
Guardado en:
| Autor Principal: | |
|---|---|
| Formato: | Libro |
| Idioma: | Spanish |
| Publicado: |
Buenos Aires :
López libreros,
1961.
|
| Edición: | 3. ed. |
| Etiquetas: |
Agregar Etiqueta
Sin Etiquetas, Sea el primero en etiquetar este registro!
|
| LEADER | 00474nam a22001575a 4500 | ||
|---|---|---|---|
| 001 | EUN.um032178 | ||
| 003 | AR-BaUNS | ||
| 005 | 20050623122906.0 | ||
| 008 | 041125s1961####ag#a##########000#0#spa#d | ||
| 245 | 1 | 0 | |a Micosis cutáneas y viscerales / |c Pablo Negroni. |
| 260 | |a Buenos Aires : |b López libreros, |c 1961. | ||
| 300 | |a 130 p. : |b ilus. ; |c 22,5 cm. | ||
| 100 | 1 | |a Negroni, Pablo. | |
| 082 | 0 | 4 | |a 616.96 |
| 250 | |a 3. ed. | ||
| 859 | |a Ar-BaUNS |b BIB. CENTRAL - Sector A |h 616.96 |i N313a3 |p 92288/985 | ||
